| 000 | 00964nam a2200193 a 4500 | ||
|---|---|---|---|
| 008 | 110901s2005 ||||||||||||||||| || u | ||
| 050 | _aUNESCO(08)TP | ||
| 110 | _aUnited Nations Educational, Scientific and Cultural Organization (UNESCO) | ||
| 245 | 1 | 0 | _aGuidelines and recommendations for reorienting teacher education to address sustainability |
| 260 |
_aParis _bUnited Nations Eucational, Scientific and Cultural Organization (UNESCO) _c2005 |
||
| 300 | _a74p. | ||
| 350 | _a0.00 | ||
| 490 | _aUNESCO education for sustainable development in action technical papers | ||
| 500 | _aEducation for sustainable development in action technical paper no. 2 | ||
| 650 | _aSUSTAINABLE DEVELOPMENT--ARAB REGION | ||
| 650 | 0 | _aEDUCATIONAL TESTS AND MEASUREMENTS | |
| 650 | _aTEACHERS--TRAINING OF | ||
| 995 |
_D0.00 _FCBU-MAIN LIBRARY (Kitwe) _H1 _I0.00 _M1 _UAVAILABLE _WOct 12, 2011 _ZUniversity Collection |
||
| 999 |
_c45161 _d45161 |
||